00596pam a2200181 a 4500020001500000040000800015082002600023245005200049260003100101300003500132500004000167650001800207650001700225700002600242700002500268856005500293856006600348 a0471837814 cDLC00a634 WIL 1990 C151 Or.00aAgroforestry :bclassification and management / aNew York :bWiley,cc1990. axvii, 382 p. :bill. ;c25 cm. a"A Wiley-Interscience publication." 0aAgroforestry. 0aAgroforestry1 aMacDicken, Kenneth G.1 aVergara, Napoleon T.4 uhttp://www.loc.gov/catdir/toc/onix04/89005404.html42uhttp://www.loc.gov/catdir/enhancements/fy0707/89005404-d.html